Does privatization deliver? highlights from a World Bank conference / (Record no. 665)
[ view plain ]
| 000 -LEADER | |
|---|---|
| fixed length control field | 01261cam a2200289 a 4500 |
| 001 - CONTROL NUMBER | |
| control field | 634842 |
| 005 - DATE AND TIME OF LATEST TRANSACTION | |
| control field | 20210414113922.0 |
| 008 - FIXED-LENGTH DATA ELEMENTS--GENERAL INFORMATION | |
| fixed length control field | 930810s1994 dcua b 101 0 eng |
| 010 ## - LIBRARY OF CONGRESS CONTROL NUMBER | |
| LC control number | 93023358 |
| 020 ## - INTERNATIONAL STANDARD BOOK NUMBER | |
| International Standard Book Number | 0821325892 |
| 040 ## - CATALOGING SOURCE | |
| Original cataloging agency | DLC |
| Transcribing agency | DLC |
| Modifying agency | DLC |
| 050 00 - LIBRARY OF CONGRESS CALL NUMBER | |
| Classification number | HD3842.D63 |
| 082 00 - DEWEY DECIMAL CLASSIFICATION NUMBER | |
| Classification number | 338.9 |
| Edition number | 20 |
| 245 00 - TITLE STATEMENT | |
| Title | Does privatization deliver? highlights from a World Bank conference / |
| Statement of responsibility, etc. | edited by Ahmed Galal, Mary Shirley. |
| 260 ## - PUBLICATION, DISTRIBUTION, ETC. | |
| Place of publication, distribution, etc. | Washington, D.C. : |
| Name of publisher, distributor, etc. | World Bank, |
| Date of publication, distribution, etc. | c1994. |
| 300 ## - PHYSICAL DESCRIPTION | |
| Extent | xi, 127 p. |
| Other physical details | ill. |
| Dimensions | 24 cm. |
| 440 #0 - SERIES STATEMENT/ADDED ENTRY--TITLE | |
| Title | EDI development studies |
| 504 ## - BIBLIOGRAPHY, ETC. NOTE | |
| Bibliography, etc. note | Includes bibliographical references. |
| 505 ## - FORMATTED CONTENTS NOTE | |
| Formatted contents note | Contents: Overview -- A Changing course toward privatization -- Privatization: Lessons from New Zealand -- Questions and approaches to answers -- The United Kingdom -- Chile -- Mexico -- Malaysia -- Winners and losers in privatization -- Policy implications -- The Jigsaw puzzle. |
| 650 #0 - SUBJECT ADDED ENTRY--TOPICAL TERM | |
| Topical term or geographic name entry element | Privatization |
| General subdivision | Congresses. |
| 700 1# - ADDED ENTRY--PERSONAL NAME | |
| Personal name | Galal, Ahmed, |
| Dates associated with a name | 1948- |
| 700 1# - ADDED ENTRY--PERSONAL NAME | |
| Personal name | Shirley, Mary M., |
| Dates associated with a name | 1945- |
| 710 2# - ADDED ENTRY--CORPORATE NAME | |
| Corporate name or jurisdiction name as entry element | World Bank. |
| 906 ## - LOCAL DATA ELEMENT F, LDF (RLIN) | |
| a | 7 |
| b | cbc |
| c | orignew |
| d | 1 |
| e | ocip |
| f | 19 |
| g | y-gencatlg |
| 942 ## - ADDED ENTRY ELEMENTS (KOHA) | |
| Source of classification or shelving scheme | Library of Congress Classification |
| Koha item type | Books |
| Withdrawn status | Lost status | Source of classification or shelving scheme | Damaged status | Not for loan | Home library | Current library | Shelving location | Date acquired | Total Checkouts | Full call number | Barcode | Date last seen | Copy number | Price effective from | Koha item type |
|---|---|---|---|---|---|---|---|---|---|---|---|---|---|---|---|
| Library of Congress Classification | WISCONSIN INTERNATIONAL UNIVERSITY COLLEGE, GHANA - MAIN LIBRARY | WISCONSIN INTERNATIONAL UNIVERSITY COLLEGE, GHANA - MAIN LIBRARY | General Stacks | 21/03/2012 | HD3842.D63 | 1612/12 | 21/03/2012 | 1 | 21/03/2012 | Books |
